000 00239nmm a2200085Ia 4500
008 220120s9999||||xx |||||||||||||||||und||
100 _aDigit
245 0 _aBest of digit videos, free image editing suites, MIT open so
260 _aNine dot Nine
999 _c140019
_d140019